| 000 | 00931cam a2200277 a 4500 | ||
|---|---|---|---|
| 001 | 15147054 | ||
| 003 | OSt | ||
| 005 | 20140310182435.0 | ||
| 008 | 080118s2009 maua b 001 0 eng | ||
| 010 | _a 2008002821 | ||
| 020 | _a9780071276368 | ||
| 040 |
_aDLC _cDLC _dDLC |
||
| 050 | 0 | 0 |
_aQD 453.3 _b.L665 2009 |
| 100 | 1 |
_aLevine, Ira N., _d1937- _98241 |
|
| 245 | 1 | 0 |
_aPhysical chemistry / _cIra N. Levine. |
| 250 | _a6th ed. | ||
| 260 |
_aBoston : _bMcGraw-Hill, _cc2009. |
||
| 300 |
_axviii, 989 p. : _bill. ; _c27 cm. |
||
| 504 | _aIncludes bibliographical references (p. 955-958) and index. | ||
| 541 | _j1 | ||
| 562 | _e1 | ||
| 650 | 0 |
_aChemistry, Physical and theoretical. _98242 |
|
| 856 | 4 | 2 |
_3Publisher description _uhttp://www.loc.gov/catdir/enhancements/fy0808/2008002821-d.html |
| 856 | 4 | 1 |
_3Table of contents only _uhttp://www.loc.gov/catdir/enhancements/fy0808/2008002821-t.html |
| 942 |
_2lcc _cSSLC |
||
| 999 |
_c13415 _d13415 |
||